Statistics for Top 25 US Colleges & Universities by Graduate Salary

Click here to take the quiz!

General Stats

  • This quiz has been taken 159 times
  • The average score is 12 of 25

Answer Stats

RankInstitutionStateStarting Salary% Correct
15Harvard UniversityMA$74,800
96%
25University of California, BerkeleyCA$70,700
92%
2Massachusetts Institute of TechnologyMA$86,300
89%
7Stanford UniversityCA$79,000
89%
17University of PennsylvaniaPA$72,800
84%
21Columbia UniversityNY$71,400
83%
11Princeton UniversityNJ$75,200
81%
3California Institute of TechnologyCA$84,100
72%
23Duke UniversityNC$71,100
72%
20Dartmouth CollegeNH$71,500
64%
18Georgia Institute of TechnologyGA$72,700
58%
24Rice UniversityTX$71,000
56%
9Carnegie Mellon UniversityPA$75,900
37%
6US Naval AcademyMD$80,100
33%
10Colorado School of MinesCO$75,600
32%
8US Air Force AcademyCO$76,300
32%
5US Military AcademyNY$80,200
30%
1Harvey Mudd CollegeCA$88,800
19%
22Rensselaer Polytechnic InstituteNY$71,300
15%
12Stevens Institute of TechnologyNJ$75,100
12%
4US Merchant Marine AcademyNY$80,600
10%
16Worcester Polytechnic InstituteMA$73,600
10%
19Babson CollegeMA$72,000
7%
13Rose-Hulman Institute of TechnologyIN$75,000
7%
14SUNY Maritime CollegeNY$74,900
3%

Score Distribution

Percentile by Number Answered

Percent of People with Each Score

Your Score History

You have not taken this quiz